Urban landscape design (Record no. 78567)

MARC details
000 -LEADER
fixed length control field 00618nam a2200145 a 4500
008 - FIXED-LENGTH DATA ELEMENTS--GENERAL INFORMATION
fixed length control field 120416s1964 ||||||||||||||||| || u
050 ## - LIBRARY OF CONGRESS CALL NUMBER
Classification number SB 472 Eck
100 ## - MAIN ENTRY--PERSONAL NAME
Personal name Eckbo, Garrett
245 10 - TITLE STATEMENT
Title Urban landscape design
260 ## - PUBLICATION, DISTRIBUTION, ETC.
Place of publication, distribution, etc. New York
Name of publisher, distributor, etc. McGraw-Hill
Date of publication, distribution, etc. 1964
300 ## - PHYSICAL DESCRIPTION
Extent vii, 248p. : ill.
350 ## -
-- 0.00
995 ## -
-- MAIN LIBRARY OPEN ACCESS
-- 0.00
-- 013434
-- CBU-MAIN LIBRARY (Kitwe)
-- 2
-- 0.00
-- SB 472 Eck
-- LOST
-- 013434
-- Main Library Open Access Collection
995 ## -
-- MAIN LIBRARY OPEN ACCESS
-- 0.00
-- 704611
-- CBU-MAIN LIBRARY (Kitwe)
-- 1
-- 0.00
-- SB 472 Eck
-- 1
-- AVAILABLE
-- 017889
-- Main Library Open Access Collection
999 ## -
-- 78567
-- 78567
Holdings
Withdrawn status Lost status Source of classification or shelving scheme Damaged status Not for loan Permanent Location Current Location Shelving location Date acquired Total Checkouts Full call number Barcode Date last seen Copy number Price effective from Koha item type
          CBU-MAIN LIBRARY, KITWE. CBU-MAIN LIBRARY, KITWE.   05/17/2023   SB 472 Eck 013434 05/17/2023 1 05/17/2023 MONOGRAPH
          CBU-MAIN LIBRARY, KITWE. CBU-MAIN LIBRARY, KITWE.   05/17/2023   SB 472 Eck 017889 05/17/2023 2 05/17/2023 MONOGRAPH